1821 1818 1879 1672 1955 1858 1649 1917 1498 1219 1323 1497 1385 1006 1551 1579 1371 1179 1189 1821 1649 1213 1147 1604 1099 1199 1893 1015 1268 1465 1923 1191 1440 1543 1222 1774 1041 1167 1117 1833 1596 1640 1729 1767 1677 1817 1275 1894 1379 1344 1800 1472 1104 1029 1411 1439 1895 1496 1734 1621 1494 1010 1445 1484 1340 1425 1947 1982 1536 1273 1875 1955 1791 1393 1713 1936 1451 1976 1851 1721 1289 1332 1041 1287 1325 1524 1272 1969 1929 1588 1375 1849 1470 1723 1284 1512 1588 1809 1158 BCNSPRNW ULIB Ver.6.0+V

เปลี่ยนเป็นภาษาไทย

Change to English
 แสดงรายละเอียดบรรณานุกรม
  กลับหน้าหลัก

Brief Record : Get Marc (ISO 2709) : E-mail record : QR code < ปิดหน้าต่าง
LEADER : 00000nam 2200000uu 4500
001    13399110916
003     ULIB
008    110613s||||||||th 000 0 tha d
020    9749006526
050  4 AC158^bฮ173ว 2546
100    ฮอลตซ์คลอว์, เฟรด
245    วิทยาศาสตร์สิ่งแวดล้อม/ ^cผู้แต่ง ฮอลตซ์คลอว์, เฟรด; แปล ตรัยเทพ เกษศิลป์
246 31 สำรวจโลกวิทยาศาสตร์
260    กรุงเทพฯ : ^bเพียร์สัน เอ็ดดูเคชั่น อินโดไชน่า, ^c2546
300    208 หน้า : ^bภาพประกอบ ; ^c28 ซม.
490    สำรวจโลกวิทยาศาสตร์
650  7 การทดลอง
650  7 สิ่งแวดล้อม
650  7 วิทยาศาสตร์
700    ตรัยเทพ เกษศิลป์, ^eผู้แปล
945    ^p0^l0^i028557
995    ทศพร
999 ^a ใช้งานได้ทุกระบบ
รายการนี้ยังไม่มีแท็ก
คุณยังไม่ได้ล็อกอิน คุณสามารถมีกิจกรรมร่วมกับเว็บไซต์ได้ แต่ต้องล็อกอินก่อน ::
  ล็อกอิน

รายการสื่อสารสนเทศ

ลำดับที่ ประเภท เลขเรียก/บาร์โค้ด สถานที่ สถานะ
- ไม่พบข้อมูล -

รายการใกล้เคียง
    หัวเรื่อง [การทดลอง]
    หัวเรื่อง [สิ่งแวดล้อม]
    หัวเรื่อง [วิทยาศาสตร์]

BibComment


ยังไม่เคยถูกคอมเมนท์

คอมเมนท์ทรัพยากรรายการนี้
  คอมเมนท์: วิทยาศาสตร์สิ่งแว..


 Copyright 2026. Bcnsprnw @Library